Statistics for Your One Minute Christmas Card

Click here to take the quiz!

General Stats

  • This quiz has been taken 72 times
  • The average score is 13 of 26

Answer Stats

* * * * * * * * * * * * * * * * * * * * * * * * * * * *% Correct
A
100%
AB
87%
ABC
87%
ABCD
85%
ABCDE
83%
ABCDEF
83%
MerryABCDEFG
83%
ChristmasABCDEFGH
83%
fromABCDEFGHI
83%
Jerry928ABCDEFGHIJ
79%
ABCDEFGHIJK
79%
AucklandABCDEFGHIJKL
77%
New ZealandABCDEFGHIJKLM
75%
ABCDEFGHIJKLMN
63%
ABCDEFGHIJKLMNO
52%
ABCDEFGHIJKLMNOP
37%
ABCDEFGHIJKLMNOPQ
21%
ABCDEFGHIJKLMNOPQR
12%
ABCDEFGHIJKLMNOPQRS
6%
ABCDEFGHIJKLMNOPQRST
6%
ABCDEFGHIJKLMNOPQRSTU
4%
ABCDEFGHIJKLMNOPQRSTUV
4%
ABCDEFGHIJKLMNOPQRSTUVW
2%
ABCDEFGHIJKLMNOPQRSTUVWX
2%
ABCDEFGHIJKLMNOPQRSTUVWXY
2%
ABCDEFGHIJKLMNOPQRSTUVWXYZ
2%

Score Distribution

Percentile by Number Answered

Percent of People with Each Score

Your Score History

You have not taken this quiz